000 00791nam a2200253Ia 4500
003 OSt
005 20221005061233.0
006 a|||||r|||| 00| 0
007 ta
008 221004b |||||||| |||| 00| 0 eng d
020 _a9780415726054 (hbk)
_c8109
024 _a22228
037 _bCBS/348, 11/03/2015, Classic Book Service
_cTextual
040 _aCRL
_cCRL
_beng
041 _2eng
_aeng
082 _aX:9:(Z2), Q4
100 _aRouth Supriya
_9600385
245 0 _aEnhancing capabilities through labour law
_b Informal workers in India
260 _aLondon
_bRoutledge UK
_c2014
300 _axviii,283p.
_ccm.
650 _aECONOMICS
942 _hX:9:(Z2), Q4
_cTEXL
_2cc
999 _c967900
_d967900